All Dragon Ball Locations - Statistics

General Stats
  • This quiz has been taken 11 times
  • The average score is 6 of 44
Answer Stats
Picture Answer % Correct
Earth
100%
Kame House
78%
Hell
33%
Planet Namek
33%
Snake Way
33%
Beerus' Planet
22%
Capsule Corporation
22%
Heaven
22%
Hyperbolic Time Chamber
22%
King Kai's Planet
22%
Korin Tower
22%
Majin Buu's House
22%
Other-World
22%
Papaya Island
22%
Planet Vegeta
22%
The Lookout
22%
Cell Games Arena
11%
Dr. Gero's Lab
11%
Muscle Tower
11%
Tournament of Power
11%
West City
11%
World Martial Arts Tournament
11%
Zuno's Planet
11%
Babidi's Spaceship
0%
Check-In Station
0%
Fire Mountain
0%
Fortuneteller Baba's Palace
0%
Galactic Patrol Headquarters
0%
Galactic Prison
0%
Grandpa Gohan's House
0%
Jingle Village
0%
Mount Paozu
0%
Null Realm
0%
Planet Arlia
0%
Planet Cereal
0%
Planet Frieza 79
0%
Planet Vampa
0%
Planet Yardrat
0%
Red Ribbon Army Headquarters
0%
Red Ribbon Army New Headquarters
0%
Sacred Land of Korin
0%
Sacred World of The Kai
0%
Supreme Kai's Planet
0%
Zeno's Palace
0%
No matching quizzes found
Score Distribution
Percent of People with Each Score
Percentile by Number Answered
Your Score History
You have not taken this quiz